01186nam a22001817a 450000500170000000800410001702000180005804000070007608200170008310000170010024500130011726000370013030000280016736500620019552007090025765000200096665000180098620251031164846.0251031b |||||||| |||| 00| 0 eng d a9781398525719 cAL a823.92bGRAW aHannah Grace aWildfire aLondonbSimon and Schusterc2023 aviii,386p.bPBc20x13cm 2Englisha4241b₹399.20c₹d₹499.00e20%f25-10-2025 aFrom the bestselling author of Icebreaker.... When Russ and Aurora cross paths at a university party, a drinking game ends with them spending the night together. The next day, Aurora slips away before Russ learns her full name. This anonymity ends when they both turn up to their first day of work as camp counsellors. A job they had both chosen to escape Maple Hills for the summer. Given their history, there’s still an obvious tension between the two but the camp has a strict “no staff fraternizing” rule. Russ doesn’t want to risk heading home early but Aurora has never been one for rules. As things heat up, they'll have to resist or risk starting something they just can’t stop.  aEnglish Fiction aEnglish Novel